| 000 | 01067nam a22003137a 4500 | ||
|---|---|---|---|
| 003 | CHAP | ||
| 005 | 20220329140340.0 | ||
| 008 | 971013s1981 r 00010 d | ||
| 010 | _a50780 | ||
| 011 | _a51752 | ||
| 035 | _a55902 | ||
| 040 | _cCHAP | ||
| 082 |
_a631.371 _bV6 |
||
| 100 | 0 | 0 |
_aVogt, F. _9120611 |
| 245 | _aEnergy conservation and use of renewable energies in the bioíndustries; proceedings of the International Seminar on Energy... | ||
| 260 |
_aOxford : _bPergamon Press, _c1981 |
||
| 300 |
_a574 p. _b: ilus. ; gráfs. |
||
| 590 |
_aBATCH-UPD _b10 _c20130110 _lUCH01 _h0635 |
||
| 590 |
_aBATCH-UPD _b10 _c20130410 _lUCH01 _h0319 |
||
| 590 |
_aBATCH-UPD _b10 _c20130914 _lUCH01 _h0632 |
||
| 590 |
_aCONVERSION _b10 _c20130109 _lUCH01 _h1328 |
||
| 650 | 1 | 4 |
_aBiogas. _912740 |
| 650 | 1 | 4 |
_aBiomasa. _912825 |
| 650 | 1 | 4 |
_aEnergía solar en agricultura. _936913 |
| 901 | _aBK | ||
| 942 | _cLIBRO | ||
| 949 |
_a631.371 V6 _bBC _cLIBRO _d33724000059697 _eLIBRO _h57299 _i55902 _si |
||
| 949 |
_a631.371 V6 _bBC _cLIBRO _d33724000059705 _eLIBRO _fc.2 _h57300 _i55902 _si |
||
| 999 |
_c50780 _d50780 |
||